AH International Schools' Libraries

I Love Dad with the Very Hungry Caterpillar / (Record no. 48667)

MARC details
000 -LEADER
fixed length control field 00459nam a2200145 4500
020 ## - INTERNATIONAL STANDARD BOOK NUMBER
International Standard Book Number 9780141374376
100 ## - MAIN ENTRY--PERSONAL NAME
Personal name Carle, Eric,
Relator term author.
245 ## - TITLE STATEMENT
Title I Love Dad with the Very Hungry Caterpillar /
Statement of responsibility, etc by Eric Carle.
260 ## - PUBLICATION, DISTRIBUTION, ETC. (IMPRINT)
Place of publication, distribution, etc UK. :
Name of publisher, distributor, etc Puffin ;
Date of publication, distribution, etc 2017.
300 ## - PHYSICAL DESCRIPTION
Extent 32 pages
Dimensions 5.79 x 0.35 x 7.01 inches.
490 ## - SERIES STATEMENT
Series statement The World of Eric Carle
650 ## - SUBJECT ADDED ENTRY--TOPICAL TERM
9 (RLIN) 4487
Topical term or geographic name as entry element Love.
650 ## - SUBJECT ADDED ENTRY--TOPICAL TERM
9 (RLIN) 52746
Topical term or geographic name as entry element Parents
Form subdivision Juvenile fiction.
General subdivision Family relationships
942 ## - ADDED ENTRY ELEMENTS (KOHA)
Source of classification or shelving scheme
Koha item type Book
Holdings
Withdrawn status Lost status Source of classification or shelving scheme Damaged status Not for loan Home library Current library Date acquired Total Checkouts Full call number Barcode Date last seen Date checked out Price effective from Koha item type
          Logos International School Logos International School 03/19/2025 3 E CAR 040536 02/27/2026 02/20/2026 03/19/2025 Book

For any Logos Library related questions please contact Miss Art at swongnarasuk@asianhope.org.

For any Asian Hope Library related questions please contact Miss Raza at graza@asianhope.org.

Click here to explore our ebooks!

Powered by Koha